Największe miasta w pobliżu granicy - Statystyki

Ogólne statystyki
  • Ten quiz został rozwiązany 17 razy
  • Średni wynik to 11 z 20
Statystyki odpowiedzi
Populacja Najbliższy sąsiad Miasto % Poprawnych
25,2 mln Korea Północna Seul
100%
16,8 mln Urugwaj Buenos Aires
92%
16,3 mln Kongo Kinszasa
92%
3,43 mln Watykan Rzym
77%
7,85 mln Stany Zjednoczone Toronto
77%
6,15 mln Palestyna Amman
62%
3,96 mln Liban Damaszek
62%
14,3 mln Kambodża Ho Chi Minh
62%
6,15 mln Szwajcaria Mediolan
62%
8,00 mln Malezja Singapur
62%
3,05 mln Dominikana Port-au-Prince
54%
2,80 mln Holandia Bruksela
38%
5,75 mln Kanada Detroit
38%
3,45 mln Belgia Rotterdam
38%
3,20 mln Meksyk San Diego
38%
14,6 mln Indie Lahaur
31%
5,60 mln Indie Rawalpindi | Islamabad
31%
3,85 mln Kazachstan Taszkent
31%
3,18 mln Stany Zjednoczone Vancouver
23%
2,93 mln Bahrajn Ad-Dammam
0%
Nie znaleziono quizów pasujących do podanych kryteriów
Rozkład punktacji
Procent ludzi z każdym wynikiem
Percentyl według liczby udzielonych odpowiedzi
Twoja historia wyników
Nie rozwiązałeś tego quizu